| 000 | 00558nam a2200181Ia 4500 | ||
|---|---|---|---|
| 003 | OSt | ||
| 005 | 20230614102607.0 | ||
| 008 | 210423s1968 xx 000 0 und d | ||
| 040 | _cAL | ||
| 082 |
_a340 _223 _bGOVK |
||
| 245 | _aKarnataka agricultural produce marketing act 1966 at rules 1968 | ||
| 260 |
_aKarnataka _bGovernment Of Karnataka _c1968 |
||
| 300 |
_avii,248 _bPB |
||
| 650 |
_aLaw _9116684 |
||
| 650 |
_aSocial Sciences _9116685 |
||
| 906 | _a1966 ; 1968 ; act ; agricultural ; at ; Karnataka ; marketing ; produce ; rules | ||
| 942 |
_2ddc _cBK |
||
| 999 |
_c174502 _d174502 |
||